000 00543nam a22001937a 4500
003 KOHA_MİRAKIL
005 20251013085442.0
008 251013b tu ||||| |||| 00| 0 tur d
020 _a891.7342
040 _aTR-AnABB
_btur
_cTR-AnABB
041 _atur
082 _a891.7342
_bZAM 2020
100 1 _aZamyatin, Yevgeni İvanoviç,
245 1 0 _aBiz diğerleri /
_cYevgeni Zamyatin
260 _aİstanbul :
_bNotaBene Yayınları,
_c2020
300 _a224 sayfa ;
_c24 cm
650 0 4 _aRus edebiyatı, roman
942 _2ddc
_cBK
999 _c9117
_d9117
900 _bGizem YORULMAZ